000
00347 a2200157 4500
001
152894
040
_c
Escola São Tomás de Aquino
100
_a
MORAES, Rodrigo
240
1
0
_a
O vestido da mamãe
_l
por
245
1
0
_a
O vestido da mamãe
300
_a
44
362
0
_a
2015
440
1
_a
FTD
697
_a
*LITERATURA INFANTIL
942
_c
BK
999
_c
152894
_d
152894